Datum a čas kvízu
43
Celkem bodů
Celkový počet nahraných bodů na tomto kvízu bez doplňovacích otázek.
4.
Pořadí na kvízu
Konečné umístění týmu na tomto kvízu.
Zaznamenané odpovědi
| # | Otázka | Odpověď | Body | Výsledky |
|---|---|---|---|---|
| 1. | Poblíž nájezdu na dálnici D6 k... | Sokolov | 1 | |
| 2. | Úřady v japonském Tokiu rozhod... | D) budova brání výhledu na horu Fudži | 1 | |
| 3. | Na platformě Voyo byl minulý t... | Mozaika | 1 | |
| 4. | Zavedená česká společnost ozná... | Seznam | 0 | |
| 5. | Koncem týdne se na trase Praha... | mil československých | 0 | |
| 6. | Téma začneme u Arnolda Schwarz... | Olympia, Universe | 0 | |
| 7. | George Weah byl v letech 2018... | AC Milán | 0 | |
| 8. | Mezi poslanci Parlamentu ČR se... | Pavel Ploc, Jakub Janda | 0 | |
| 9. | Také hokejisty to táhne po kon... | mistrovství světa, olympijské hry, Stanley Cup | 0 | |
| 10. | Pavel Bém je bývalým pražským... | lékař (psychiatr) | 0 |